The application of traffic simulation models : proceedings of a Conference on the Application of Traffic Simulation Models, June 3-5, 1981, Williamsburg, Virginia /

Bibliographic Details
Corporate Authors: Conference on the Application of Traffic Simulation Models Williamsburg, Va., National Research Council (U.S.). Transportation Research Board, United States. Federal Highway Administration. Office of Development, National Academy of Sciences (U.S.)
Format: Conference Proceeding Book
Language:English
Published: Washington, D.C. : National Academy of Sciences, 1981.
Series:Special report (National Research Council (U.S.). Transportation Research Board) ; 194.
Subjects:

MARC

Tag First Indicator Second Indicator Subfields
LEADER 00000cam a22000008a 4500
001 in00000081992
005 20151008055444.0
008 820104s1981 dcua b 10010 eng
010 |a  81022537  
020 |a 0309032628 
035 |a (OCoLC)08109659 
035 |9 AAJ3511AM 
039 0 |a 2  |b 3  |c 3  |d 3  |e 3 
040 |a DLC  |c DLC  |d TXA  |d UtOrBLW 
049 |a TXAM  |c [1502304] 
050 0 0 |a HE335  |b .C66 1981 
082 0 |a 388.3/0724  |2 19 
111 2 |a Conference on the Application of Traffic Simulation Models  |d (1981 :  |c Williamsburg, Va.) 
245 1 4 |a The application of traffic simulation models :  |b proceedings of a Conference on the Application of Traffic Simulation Models, June 3-5, 1981, Williamsburg, Virginia /  |c conducted by the Transportation Research Board and sponsored by the Office of Development, Federal Highway Administration, U.S. Department of Transportation. 
263 |a 8112 
264 1 |a Washington, D.C. :  |b National Academy of Sciences,  |c 1981. 
300 |a v, 114 pages :  |b illustrations ;  |c 28 cm. 
336 |a text  |b txt  |2 rdacontent 
337 |a unmediated  |b n  |2 rdamedia 
338 |a volume  |b nc  |2 rdacarrier 
490 1 |a Special report,  |x 0360-859X ;  |v 194 
504 |a Includes bibliographical references. 
650 0 |a Traffic engineering  |x Simulation methods  |x Congresses. 
710 2 |a National Research Council (U.S.).  |b Transportation Research Board. 
710 1 |a United States.  |b Federal Highway Administration.  |b Office of Development. 
710 2 |a National Academy of Sciences (U.S.) 
830 0 |a Special report (National Research Council (U.S.). Transportation Research Board) ;  |v 194. 
999 |a MARS 
999 f f |s 3f948f8c-753a-3418-84ff-a0173157c1fd  |i 8a18503f-b50e-32bd-b7de-c00753f89dfb  |t 0 
952 f f |p ric  |a Texas A&M University  |b Rellis Campus  |c Joint Library Facility  |d Remote Storage  |t 0  |e HE335 .C66 1981  |h Library of Congress classification  |i unmediated -- volume  |m A14806132682 
998 f f |a HE335 .C66 1981  |t 0  |l Remote Storage